[Event "EU-Cup 23rd"]
[Site "Kemer"]
[Date "2007.10.08"]
[Round "6.4"]
[White "Sargissian, Gabriel"]
[Black "Inarkiev, Ernesto"]
[Result "1/2-1/2"]
[WhiteElo "2673"]
[BlackElo "2674"]
[Annotator "Krasenkow,M"]
[PlyCount "112"]
[EventDate "2007.10.03"]
[EventType "team-swiss"]
[EventRounds "7"]
[EventCountry "TUR"]
[SourceTitle "CBM 121"]
[Source "ChessBase"]
[SourceDate "2007.11.14"]
[SourceVersion "1"]
[SourceVersionDate "2007.11.14"]
[SourceQuality "1"]
[WhiteTeam "Merida Linex Magic"]
[BlackTeam "Tomsk 400"]
[WhiteTeamCountry "ESP"]
[BlackTeamCountry "RUS"]

1. d4 Nf6 2. c4 g6 3. Nf3 Bg7 4. Nc3 O-O 5. Bg5 {This system is called
"courteous" in Poland - due to its harmlessness.} c5 6. d5 h6 7. Bh4 d6 8. e3
g5 9. Bg3 Nh5 10. Nd2 Nxg3 11. hxg3 f5 12. Bd3 {For this line - see CBM 90,
annotations to I.Sokolov-Radjabov by IM L.Hazai.} Na6 $146 {Moves seen in
practice:} (12... e5 $6 13. g4 $1 e4 14. Bc2 fxg4 15. Ndxe4 Bf5 16. Ng3 Bxc2
17. Qxc2 Nd7 18. Nf5 Qf6 19. e4 $16 {1-0 Sokolov,I-Radjabov,T/Sarajevo 2002/
CBM 090[Hazai] (48)}) (12... Nd7 13. Nf3 (13. Qc2 Ne5 14. Be2 Ng4 (14... e6 15.
Rd1 f4 16. gxf4 gxf4 17. exf4 Rxf4 18. Nde4 exd5 19. Nxd5 Rh4 20. O-O $16 {
0-1 Lecuyer,C-Libiszewski,F/Paris 2003/EXT 2005 (34)}) 15. Nf3 e5 16. dxe6 Bxe6
17. Rd1 a6 18. Kf1 $13 Qe7 $6 19. Nd5 Bxd5 20. Rxd5 Qxe3 21. Bd3 $16 {1-0
Mendez Ataria,E-Llanos,G/Buenos Aires 1998/EXT 2005 (60)}) (13. f4 e6 (13...
Nf6 14. Nf3 e6 $132 {Hazai.}) 14. dxe6 Nb6 15. Qc2 Bxe6 16. O-O-O d5 17. cxd5
Nxd5 18. Bc4 Bxc3 19. bxc3 Qf6 20. Qb3 Nc7 21. Nf3 b5 22. Bxe6+ Nxe6 23. Ne5 c4
24. Qxb5 Rab8 25. Qa5 {1-0 Kazhgaleyev,M-Calistri,T/Gonfreville l'Orcher FRA
2007/The Week in Chess 656}) 13... Nf6 14. Qc2 Ng4 15. Nh2 $1 (15. Rd1 a6 16.
Be2 Nf6 17. Nd2 Bd7 18. a4 Rb8 19. O-O Qe8 20. Rb1 Ng4 21. Bxg4 fxg4 22. Ra1
Bf5 23. e4 Bd7 $15 {0-1 Fiorito,F-Llanos,G/Rosario 2000/EXT 2001 (37)}) 15...
Ne5 16. Be2 e6 17. f4 Nf7 18. dxe6 Bxe6 19. Bd3 Qf6 20. O-O Rae8 21. g4 $1 $16
{1-0 Agrest,E-Nithander,V/Copenhagen 2007/CBM 119 ext (44)}) (12... a6 13. f4
g4 14. Qc2 Qe8 15. O-O-O b5 16. e4 b4 17. Na4 a5 18. exf5 Bd7 19. Nb6 Ra7 20.
Rde1 b3 21. axb3 a4 22. f6 Rxf6 23. Ne4 Rf8 24. Nxd6 Qd8 25. Nxd7 Nxd7 26. Nf5
axb3 27. Qxb3 Nf6 28. Nxh6+ {1-0 Goldenberg,R-Basso,F/Cannes 2000/EXT 2001}) (
12... e6 $5 {Probably the most flexible: the b8 knight will choose its route
later on.} 13. Qc2 (13. Qh5 exd5 14. cxd5 (14. Nxd5 Nc6) 14... Nd7 15. Nc4 Qe7
16. g4 Ne5 17. Nxe5 Qxe5 18. gxf5 Bxf5 19. Bxf5 Qxf5 20. O-O a6 21. a4 Rae8 $13
{0-1 Andersen,J-Poluljahov,A/Gausdal 1994/EXT 1997 (56)}) (13. g4 $5 {Hazai})
13... Na6 (13... exd5 14. cxd5 a6 15. a4 Qf6 16. Nc4 Nd7 17. f4 Rb8 18. a5 b5
19. axb6 Nxb6 20. Na5 Re8 21. Qd2 Qf7 22. Be2 g4 23. Nc6 Ra8 24. Kf2 Bd7 25.
Rhd1 $14 {1-0 Quinn,M-Solleveld,M/Cork 2005/CBM 105 ext (34)}) 14. a3 Nc7 15.
O-O-O (15. f4 exd5 16. cxd5 b5 17. Nf3 c4 (17... Qe7 $5) 18. Be2 g4 19. Nd2 (
19. Nd4 $142) 19... Re8 20. e4 fxe4 21. Rh4 a5 22. Bxg4 Bf6 23. Rxh6 Kg7 24.
Bxc8 Kxh6 $17 {0-1 Tihonov,J-Khruschiov,A/Moscow 2006/CBM 110 ext (35)}) (15.
Rd1 exd5 16. cxd5 Bd7 17. f4 Qe7 18. Kf2 Rae8 19. Rde1 b5 20. Qb1 a5 $17 {
0-1 Abdulla,A-Harika,D/Mumbai 2003/CBM 093 ext (26)}) (15. dxe6 $5 Bxe6 16.
O-O-O) 15... Qe7 16. g4 (16. e4 $5) 16... fxg4 17. Nde4 exd5 18. cxd5 b5 {
1/2-1/2 Logothetis,S-Siamidis,D/Attica 2003/EXT 2005}) 13. e4 $1 {A logical
reaction to the distraction of the black knight.} e6 (13... f4 $6 14. g4 {
[%cal Ye4e5]}) 14. dxe6 $6 (14. O-O $142 $1) 14... Nb4 {The knight has
obtained the c6 square and now enters the game.} 15. Bb1 f4 $6 {It is risky to
open up the b1-h7 diagonal.} (15... Bxe6 $142 $13) 16. gxf4 gxf4 17. e5 $1 Bxe6
$1 18. Be4 (18. Nce4 $142 $1 $36) 18... Qd7 19. Nf3 $5 Bxc4 (19... Rad8 $5) 20.
a3 Nc6 21. Bd5+ (21. Qxd6 Nxe5 $1 22. Qxd7 Nxd7 23. O-O-O Nf6 24. Bxb7 Rab8 $13
) 21... Bxd5 22. Qxd5+ Qf7 23. Qxf7+ Rxf7 24. exd6 Re8+ 25. Kf1 Re6 26. Rd1 Nd4
27. Rh5 b6 28. Rd5 Rd7 29. Nxd4 Bxd4 30. Rf5 Bxc3 31. bxc3 Rdxd6 32. Rxd6 Rxd6
33. Rxf4 {After some complications the game reaches a roughly equal rook
ending.} Rd3 34. Rc4 Rd2 35. g4 $1 Rc2 36. Kg2 Kf7 37. Kg3 Ke6 38. Re4+ Kf6 (
38... Kd6 39. Re3 Ra2 40. f4 Rxa3 41. g5 hxg5 42. fxg5 Ra1 43. Kg2 Ra4 44. Kg3
$11) 39. Re3 Ra2 40. f4 Rxa3 41. f5 {This pawn gives White sufficient
counterplay.} Kg5 42. Rf3 Kf6 43. Re3 b5 44. Re6+ Kg7 (44... Kf7 45. Rxh6 b4 (
45... Rxc3+ 46. Kf4 $132) 46. Kf4 bxc3 47. Rh7+ Kg8 48. Rc7 Ra4+ (48... Ra5 49.
Ke3) 49. Kg5 Rc4 50. Kf6 $11) 45. Kf4 a5 (45... Rxc3 46. Re7+ Kf8 47. Rxa7 $132
) 46. Rg6+ Kh7 47. Rb6 Rxc3 48. Rxb5 Rc4+ 49. Ke5 Rxg4 50. Rxa5 h5 51. Rxc5 Ra4
52. Rc7+ Kg8 53. Kf6 Ra6+ 54. Kg5 Kf8 55. Kxh5 Rb6 56. Kg5 Ra6 1/2-1/2

[Event "Grand Slam Final 8th"]
[Site "Bilbao"]
[Date "2015.10.30"]
[Round "4"]
[White "Ding, Liren"]
[Black "So, Wesley"]
[Result "1/2-1/2"]
[WhiteElo "2782"]
[BlackElo "2760"]
[Annotator "Szabo,Kr"]
[PlyCount "106"]
[EventDate "2015.10.26"]
[EventType "tourn"]
[EventRounds "6"]
[EventCountry "ESP"]
[EventCategory "22"]
[SourceTitle "CBM 169"]
[Source "ChessBase"]
[SourceDate "2015.11.10"]
[SourceVersion "1"]
[SourceVersionDate "2015.11.10"]
[SourceQuality "1"]

1. d4 Nf6 2. c4 g6 3. Nf3 Bg7 4. e3 O-O 5. Be2 c5 6. d5 e6 7. Nc3 d6 8. Nd2 Re8
9. O-O Na6 10. e4 (10. dxe6 {has also been played,} Bxe6 11. e4 Nb4 12. Nb3 Nc6
13. Bf4 Nd4 $1 14. Nxd4 cxd4 15. Nb5 ({In the event of} 15. Qxd4 Nd5 $1 16. Qd2
Nxf4 17. Qxf4 Rc8 $132 {with strong counterplay for the P.}) 15... Nxe4 16. Bd3
Bd7 17. Nxd6 Nxd6 18. Bxd6 Bc6 $132 {Svidler-Gelfand, Jerusalem rapid 2014,
with a double-edged fight,.}) 10... Nc7 11. a4 $146 {A novelty by Ding Liren.
The position is transposing to a line of the Benoni, but Black has an extra
tempo.} ({Dreev played} 11. Re1 Rb8 12. dxe6 Nxe6 13. Nb3 Nd4 14. Bf1 Ng4 15.
h3 Ne5 16. Nxd4 cxd4 17. Nb5 Qb6 18. Nxd4 Nxc4 19. Bxc4 Bxd4 20. Be3 Bxe3 21.
Rxe3 Qxb2 22. e5 Qb4 23. Qxd6 Qxd6 24. exd6 Be6 $11 {Dreev-Grischuk, Loo 2014,
with an equal endgame.}) 11... Na6 {A logical decision. White avoids the ...b5
plan, but he weakens the b4-square, which is a nice place for the N.} 12. f3
Nb4 13. Rf2 {An unexpected move. White frees the f1-square, so sometimes he
can play Nf1 or even Bf1.} Nh5 {An ambitious reaction. Black starts to play on
the kingside and he is threatening ...Bd4.} 14. dxe6 (14. Nb3 {was the
alternative,} exd5 15. cxd5 f5 $132 {with a complicated middlegame.}) 14...
Bxe6 15. Nb3 {Otherwise ...Bd4.} f5 {So immediately starts his play on the
kingside.} ({The solid} 15... Qe7 $5 {was also possible,} 16. Be3 Rad8 17. Qd2
f5 $13) 16. Bf1 ({The engine suggests} 16. exf5 Bxf5 17. Bf1 ({The careless} 
17. g4 $2 {could have been met by} Bc2 $1 $19 {and Black wins.}) 17... Rf8 {
and now} 18. g4 $2 {is too optimistic, because of} Bxg4 $1 19. fxg4 Rxf2 20.
Kxf2 Qh4+ 21. Kg1 Be5 22. Qe2 Rf8 $1 $40 {with a strong attack.}) 16... Qe7 17.
Be3 $6 {An inaccuracy. The B is not the best on e3.} (17. exf5 {was important,
but} gxf5 ({now} 17... Bxf5 $2 {does not work because of} 18. g4 $1 $18) 18.
Re2 Nc6 {and Black's position looks more tempting.}) 17... f4 {A logical move,
but it closes the important b8-h2 diagonal.} ({Probably} 17... Be5 $1 {was
more accurate, for example} 18. f4 (18. Qc1 {is bad, as} Bxh2+ $1 19. Kxh2 Qh4+
20. Kg1 Ng3 $19 {with a decisive attack.}) 18... Bxc3 19. bxc3 Nc6 $15 {
and Black looks slightly better.}) 18. Bd2 Be5 19. Be1 Nc6 20. Nd5 Qg7 21. Bc3
Rad8 22. Nc1 g5 {The position is very similar to the King's Indian Classical
variation. Black tries to attack on the kingside with ...g4.} 23. Nd3 Bxc3 (
23... Bd4 $5 {was also an interesting option.}) 24. bxc3 {The right reply.
White has to control the d4-square.} Bxd5 25. cxd5 Ne5 ({The computer suggests
the strange} 25... Na5 26. Qc2 Nf6 {and Black looks fine.}) 26. Rb1 Re7 27.
Nxe5 Qxe5 28. Rb3 Rdd7 29. Qc1 Nf6 30. h3 h5 31. c4 Rg7 32. a5 Rdf7 33. Qb2 g4
{After some piece manoeuvres Black achieves ...g4. Of course White forces the
exchange of Qs, otherwise Black's attack is too dangerous.} 34. Qxe5 dxe5 35.
Kh1 gxf3 ({The positional} 35... Ne8 $5 {was the alternative, followed by ...
Nd6. Black is obviously slightly better, but the position is closed, so it is
not easy to break open White's fortress.}) 36. gxf3 h4 37. Rb5 Rc7 38. Rd2 Nh5
39. Kh2 Ng3 40. Bg2 Rgd7 41. d6 Rc6 42. Rd5 {White creates counterplay, he
activates his R, Black can't protect the e5-P.} b6 43. Rxe5 Rcxd6 44. Rg5+ Rg7
45. axb6 axb6 46. Rg4 Rd2 47. Rxb6 Nf1+ 48. Kg1 Rxg4 49. hxg4 Ne3 50. Bh3 Rd1+
51. Kh2 Rd2+ 52. Kg1 Rd1+ 53. Kh2 Rd2+ {A nice and well-played game!} 1/2-1/2

[Event "FIDE-Wch k.o."]
[Site "Las Vegas"]
[Date "1999.08.04"]
[Round "2.2"]
[White "Bareev, Evgeny"]
[Black "Ehlvest, Jaan"]
[Result "1-0"]
[WhiteElo "2698"]
[BlackElo "2592"]
[Annotator "Hazai,L"]
[PlyCount "79"]
[EventDate "1999.07.31"]
[EventType "k.o."]
[EventRounds "7"]
[EventCountry "USA"]
[SourceTitle "CBM 072"]
[Source "ChessBase"]
[SourceDate "1999.10.01"]
[SourceVersion "1"]
[SourceVersionDate "1999.10.01"]
[SourceQuality "1"]

1. d4 Nf6 2. c4 g6 3. g3 Bg7 4. Bg2 O-O 5. Nc3 Nc6 {By this move order Black
sometimes wants to vacate the d6 square for his N in a peculiar variation.} (
5... d6 {is the natural and usual move here.}) 6. e3 {Here this modest move
contains more venom, because the N belongs to d7 instead of c6.} (6. Nf3 a6 (
6... d6 {transposes to the main lines.}) 7. d5 Na5 8. Nd2 c5 9. O-O Ne8 {
/\ Nd6 is an original, but not completely correct idea to put pressure on ><
c4.}) 6... e5 7. d5 (7. Nge2 {gives also a small, but durable advantage for
White:} exd4 (7... d6 8. O-O) 8. exd4 d6 (8... d5 $6 {is incorrect because of}
9. Nxd5 Nxd5 10. cxd5 Ne7 11. Nc3 $16) 9. O-O Bg4 (9... Re8 10. h3 Bd7 11. Be3
$14 {and Black cannot find a good plan.}) 10. h3 Bxe2 11. Nxe2 Re8 12. Nc3 Qd7
13. Be3 $14 {White has a strong [+], and a nice fianchettoed B controlling the
long /^, Pcola-Pribyl, Pardubice 1996.}) 7... Ne7 (7... Nb8 {is even worse.} 8.
Nge2 d6 9. O-O Nbd7 10. Rb1 Re8 11. e4 $16 {Alatortsev-Kasparian, Kiev 1940}) (
7... Na5 {puts the N to an awkward place.} 8. b3 c5 9. dxc6 dxc6 10. Ba3 Re8
11. Qxd8 Rxd8 12. Bb4 b6 13. Bxa5 bxa5 14. Bxc6 $16 {Yrjola-Pyhala, Helsinki
1990}) 8. Nge2 d6 9. O-O (9. e4 Nd7 10. Be3 (10. O-O f5 11. Rb1 a5 12. a3 Nc5
13. b4 axb4 14. axb4 Nxe4 15. Nxe4 fxe4 16. Nc3 Nf5 17. Nxe4 Nd4 {gives Black
good chances for equality.}) 10... f5 11. f3 Nf6 12. Qd3 c6 13. dxc6 bxc6 14.
O-O {(Kengis-Lukin, Daugavpils 1989)} d5 $1 $13) (9. b3 {doesn't look really
frightening.} Nf5 {This looks a bit sophisticated. Black is fighting against
e3-e4, but he has no f7-f5 plans as well.} ({Why not} 9... Nd7 10. Bb2 f5 {
with a normal play on the >>?}) 10. Bb2 e4 11. Qc2 Re8 12. h3 Qe7 13. O-O-O Bd7
14. Rhg1 h5 15. Kb1 a6 16. Nc1 b5 17. cxb5 axb5 18. b4 c5 19. dxc6 {1/2-1/2
Smejkal-Stohl, Ostrava 1994} Bxc6 20. Nb3 $14) 9... h5 $6 {This plan will
hardly find any followers.} (9... Nd7 {is the standard reply here.} 10. e4 f5 {
- 9.e4}) 10. e4 Kh8 {/\ Ng8, but these moves are easy to condemn.} 11. f4 {
White grabs the |^ in the [+]. Playing on the << was also possible.} (11. b4 $5
) 11... exf4 12. gxf4 c6 13. Kh1 Bg4 14. f5 $5 {This gives up some dark
squares(especially the important central square e5) in order to get a direct
pressure on the >>.} cxd5 15. cxd5 Rc8 ({Accepting the sacrifice gives White
enormous compensation after} 15... gxf5 16. h3 Bxe2 17. Qxe2) 16. Be3 Qa5 17.
h3 Bxe2 18. Qxe2 a6 (18... gxf5 {is now met by} 19. Bg5) 19. Bd4 Kh7 20. a3
Neg8 21. Bf3 $1 Nd7 {[#]} 22. Bxh5 $1 {This was the idea of Bf3. Soon or later
the N had to leave f6 in order to get control over e5, but then >< h5 will be
undefended.} Bxd4 (22... gxh5 $2 {loses outright after} 23. Bxg7 Kxg7 24. Qxh5
Rfe8 25. Rg1+ Kf8 26. Rxg8+ $1 Kxg8 27. Qh6 $18) 23. fxg6+ fxg6 (23... Kg7 $2
24. gxf7 Ngf6 25. Qg2+ Kh8 26. Qd2 $1 Kh7 27. Qg5 $1 Rfd8 28. Qg6+ Kh8 29. Rxf6
$1 Nxf6 30. Qh6+ Nh7 31. Bg6 $18) 24. Bxg6+ $1 {destroying Black's defensive P
barrier.} Kg7 (24... Kxg6 25. Qg4+ Kh6 26. Rg1 Bxg1 27. Rxg1 $18) 25. Bf5 (25.
Qg2 $5 {was a serious alternative, for example:} Ndf6 26. Rf4 Rc7 27. Rh4)
25... Ndf6 $1 {Now Black's defence is on the top.} (25... Ne5 26. Qd2) 26. Qd2
$1 (26. Bxc8 Rxc8 27. Rf3 Kh8) 26... Bxc3 $2 {This is the decisive mistake.} (
26... Rc4 $1 {was the only defence, for example?} 27. Qg5+ (27. Be6 Qd8 {/\ Kh8
}) 27... Kf7 28. Be6+ Ke8 29. Qg6+ Kd8 30. Qg7 Re8 31. Qxb7 Bxc3) 27. Qg5+ $18
{Now the black K cannot escape anymore.} Kf7 28. Be6+ Ke7 (28... Ke8 29. bxc3
$1 Rxc3 30. e5 $1 $18) 29. Qg7+ Ke8 30. Bxc8 Rf7 (30... Bxb2 31. Bg4 $1 {
This is a nice switch-back.} Bxa1 32. Bh5+ $18) 31. Qg2 Be5 32. Be6 Ne7 (32...
Rf8 33. Qg6+ Kd8 34. Rac1 Ne7 35. Qg7 Re8 36. Rxf6 $1 {leads to a pretty mate
after} Bxf6 37. Rc8+ $1 Nxc8 38. Qd7#) 33. Rac1 $1 Rh7 {[#]} 34. Rxf6 $1 Bxf6
35. Rc8+ $1 Qd8 {Sad, but there was no alternative.} (35... Nxc8 {leads to a
nice mate again after} 36. Qg8+ Ke7 37. Qxh7+ Ke8 38. Qf7+ Kd8 39. Qd7#) 36.
Rxd8+ Kxd8 37. Qf2 Be5 38. Qb6+ Ke8 39. Qxb7 Kf8 40. Qxa6 1-0

[Event "Qatar Masters op"]
[Site "Doha"]
[Date "2015.12.26"]
[Round "6"]
[White "Ni, Hua"]
[Black "Vidit, Santosh Gujrathi"]
[Result "1-0"]
[WhiteElo "2693"]
[BlackElo "2644"]
[Annotator "Sagar Shah"]
[PlyCount "67"]
[EventDate "2015.12.20"]
[EventType "swiss"]
[EventRounds "9"]
[EventCountry "QAT"]
[SourceTitle "CBM 170"]
[Source "ChessBase"]
[SourceDate "2016.01.15"]
[SourceVersion "1"]
[SourceVersionDate "2016.01.15"]
[SourceQuality "1"]

{If ever you were in doubt about how important an advantage in space is then
you should have a look at this game!} 1. d4 Nf6 2. c4 g6 3. Nf3 Bg7 4. e3 O-O
5. Be2 {This line with not committing your knight to c3 is becoming quite
popular against Grünfeld experts. ...d5 now would not be so great due to cxd5
Nxd5 and e4, and there is no knight to exchange on c3.} d6 (5... c5 $5 {
A possible decision could be to transpose into a Benoni structure where e3 is
not such a dangerous line.}) 6. O-O Nbd7 7. Nc3 e5 8. Qc2 Re8 9. Re1 exd4 (9...
e4 10. Nd2 Qe7 {is a reversed King's Indian Attack. This is definitely
preferable to exd4. The attack might not be very dangerous, but it is better
than what happened in the game.}) 10. exd4 Nb6 11. Bf4 $14 {White now has a
static advantage of space which is difficult to neutralise due to the
symmetrical pawn structure.} Bf5 12. Bd3 Bxd3 (12... Nxc4 $6 13. Bxf5 gxf5 14.
Qxf5 $16) 13. Qxd3 Qd7 14. b3 Rxe1+ 15. Rxe1 Re8 16. Rxe8+ Qxe8 17. h3 {
So what exactly is White's advantage? In one simple word it is - space! White
has so much space in this position that it is extremely difficult for Black to
find a constructive plan. And Ni Hua is pretty good at converting such dry
technical positions.} a6 18. a4 Nbd7 19. a5 {Gaining further space.} Qd8 (19...
Qe6 {with the idea of c6 followed by d5 would have at least brought some
active possibilities to the second player.} 20. b4 c6 21. b5 h6 22. bxa6 bxa6
23. Kf1 (23. c5 dxc5 24. Qxa6 cxd4 $132) 23... Ne8 $14 {[%cal Ge8c7] White's
advantage still exists but it is not as huge as in the game.}) 20. b4 b6 $6 {
Tired of waiting passively, Vidit lashes out, but now the a6-pawn becomes weak.
} 21. axb6 Nxb6 22. Bg5 Qa8 (22... h6 23. Bxf6 Bxf6 24. c5 $16) 23. Bxf6 Bxf6
24. c5 Nd7 (24... Nd5 25. Qe4 c6 26. Nxd5 cxd5 27. Qf4 $16) 25. Qc4 dxc5 26.
bxc5 a5 ({A relatively better try was} 26... Qc6 27. Kf1 Kg7 28. Nd2 Qe6 $14)
27. Nd2 Bg7 28. Nde4 Nf6 $6 (28... h6 29. d5 Qe8 {is better than what happened
in the game, but this still looks pretty depressing for Black.}) 29. d5 Nxe4
30. Nxe4 a4 31. d6 $1 {The d-pawn is much more dangerous than the a-pawn.} a3 (
31... cxd6 32. cxd6 a3 33. d7 $18) 32. dxc7 Qb7 (32... a2 33. Qxa2 Qxa2 34.
c8=Q+ Bf8 35. Qe8 $1 $18) 33. Qd5 $1 a2 (33... Qxd5 34. c8=Q+ Bf8 35. Nf6+ $18)
(33... Qxc7 34. Qa8+ $1 Bf8 35. Nf6+ Kg7 36. Ne8+ $18) 34. Qxb7 (34. Qxb7 a1=Q+
35. Kh2 Qe5+ 36. g3 $18 {A superb game by Ni Hua who showed why space is one
of the important assets to have in the game of chess.}) 1-0

[Event "Rostov on Don"]
[Site "Rostov on Don"]
[Date "1993.??.??"]
[Round "?"]
[White "Smyslov, Vassily V"]
[Black "Epishin, Vladimir"]
[Result "0-1"]
[WhiteElo "2530"]
[BlackElo "2620"]
[Annotator "Belov,I"]
[PlyCount "100"]
[EventDate "1993.05.??"]
[EventType "tourn"]
[EventRounds "11"]
[EventCountry "RUS"]
[EventCategory "14"]
[SourceTitle "CBM 036"]
[Source "ChessBase"]
[SourceDate "1993.10.01"]
[SourceVersion "1"]
[SourceVersionDate "1993.10.01"]
[SourceQuality "1"]

1. d4 {Dautov} Nf6 2. c4 g6 3. Nc3 Bg7 4. Bg5 O-O 5. e3 d6 (5... c5 $5 6. Nf3 (
6. Bxf6 Bxf6 7. Ne4 Qb6 $10) 6... cxd4 7. exd4 (7. Nxd4 Qa5 8. Bh4 Ne4) 7... h6
8. Bf4 d5 $10) 6. Nf3 c5 7. Be2 cxd4 $5 $146 (7... h6 8. Bh4 Bg4 (8... cxd4 9.
Nxd4 Nc6 10. O-O Bd7 11. Qc2 a6 12. Rfd1 Re8 13. Rac1 Rc8 $10 {Barbero,
G-Uhlman,W Debrecen 1989 Inf 47/699/}) 9. O-O Nc6 10. d5 Na5 11. Nd2 Bxe2 12.
Qxe2 a6 13. e4 Nd7 14. f4 $14 {Knaak,R-Azmayparashvili,Z Dortmund 1992 Inf 54/
557/}) 8. exd4 (8. Nxd4 $6 {Dautov} Qa5 9. Bxf6 Bxf6 10. O-O Bg7 $15) 8... h6
9. Bf4 (9. Bh4 $6 Nh5 $1 (9... Bg4 {Dautov} 10. O-O Nc6 11. d5 Bxf3 12. Bxf3
Ne5 13. Be2 Rc8 14. b3 Qa5 15. Rc1 a6 $132) (9... Bf5 $5 10. O-O Ne4 $132) 10.
Qd2 g5 11. Nxg5 (11. Bg3 f5 $17) 11... hxg5 12. Qxg5 Nf6 13. O-O-O Nc6 14. Rd3
Nh7 15. Qf4 f5 $17 {Goldenberg,R-Marin,M Belfort 1990;9.Be3!?/}) 9... Bf5 10.
O-O Ne4 $1 11. Nxe4 $5 (11. Bd3 Nxc3 12. bxc3 Bxd3 13. Qxd3 Nc6 $15) (11. Rc1
$5 Nxc3 (11... Nc6 12. Nxe4 Bxe4 13. d5 $14) 12. Rxc3 (12. bxc3 $5) 12... Nc6
$10 (12... Nc6 {Dautov} 13. Qd2 g5 14. Be3 e5 $10)) 11... Bxe4 12. Qd2 (12. Nd2
$6 Bf5 13. Nb1 (13. Nb3 a5) 13... Nc6 14. Be3 Qb6 $17) 12... g5 (12... Kh7 {
Dautov} 13. Rad1 e6 (13... Nc6 {>=} 14. d5 Bxf3 15. Bxf3 Ne5) 14. Qe3 f5 15.
Qa3 d5 16. Be5 $14) 13. Be3 e6 $1 (13... Nc6 $6 14. d5 Bxf3 (14... Ne5 {Dautov}
15. Nd4 $16 {/\f4}) 15. Bxf3 Ne5 16. Be2 $14) 14. Ne1 $6 (14. d5 $5 e5 15. Ne1
(15. c5 {Dautov} f5 16. cxd6 Qxd6 $17) 15... Bg6 16. c5 f5 17. f3 $13) (14. h4
$1 {Dautov} gxh4 (14... g4 15. Nh2 h5 (15... f5 16. f3 gxf3 17. gxf3 Bc6 18. d5
Bd7 19. Bxh6 Qxh4 20. Bxg7 Kxg7 21. dxe6 $16) 16. f3 Bg6 (16... gxf3 17. Nxf3
Nc6 (17... Bxf3 18. Bxf3 Nc6 19. g3 $16) 18. Ng5 Bg6 19. Bd3 $16) 17. fxg4 hxg4
18. Nxg4 Qxh4 19. Bg5 Bxd4+ 20. Qxd4 Qxg5 21. Nf6+ $16) 15. Bxh6 Nc6 16. Bxg7 (
16. d5 Bxf3 17. Bxf3 Nd4 $132) (16. Bg5 Qb6 $13) 16... Kxg7 17. Qf4 Bxf3 18.
Bxf3 Qf6 $13) 14... Nc6 $15 15. f3 (15. Bf3 Bxf3 16. Nxf3 d5 17. c5 f5 $17)
15... Bg6 16. d5 exd5 17. cxd5 Ne7 18. Rd1 (18. Bd4 {Dautov} Bxd4+ 19. Qxd4 Nf5
20. Qf2 Re8 $15) 18... Rc8 19. Bf2 (19. Bxa7 Ra8 20. Bf2 (20. Bd4 {Dautov}
Bxd4+ 21. Qxd4 Nf5 22. Qf2 Re8 23. Bb5 Ne3 24. Bxe8 Nxd1 25. Qd4 Qxe8 26. Qxd1
Qe3+ 27. Kh1 Rxa2 $17) 20... Rxa2 $17) (19. f4 $1 {Dautov >=} Nf5 20. Bf2 gxf4
21. Qxf4 $132) 19... a6 20. Bd3 Bxd3 21. Qxd3 Qa5 22. Qb3 Qb5 $1 23. Qxb5 axb5
24. Rd2 b4 25. Bd4 (25. g3 Ra8 26. b3 Ra5) 25... Rfe8 26. Bxg7 Kxg7 27. Nc2 (
27. g3 Rc5) (27. Rd4 {Dautov} Nf5 28. Rxb4 Ne3 29. Rf2 Nxd5 30. Re4 Rxe4 31.
fxe4 Rc1 $17) 27... Nxd5 $1 28. g3 (28. Rxd5 Rxc2 29. Rf2 (29. Rxd6 Ree2) 29...
Re1+ 30. Rf1 Ree2 $19) (28. Rff2 $2 {Dautov} Rxc2 29. Rxc2 Re1+ $19) 28... Re5
29. Nd4 (29. f4 $5 gxf4 30. gxf4 Re4 (30... Rf5 31. Nd4) 31. Rxd5 Rxc2 32. Rf2
$17) (29. Rfd1 {Dautov} Rxc2 30. Rxc2 Ne3 31. Rdd2 Nxc2 32. Rxc2 Kf6 $17) 29...
Ne3 30. Rb1 (30. Re1 Nc4 31. Rde2 Kf6 $17) 30... Rd5 {/\31...Rc4/} 31. b3 Kf6
32. Re1 Rc3 33. Kf2 Nf5 34. Red1 $8 Nxd4 35. Rxd4 Rc2+ 36. Kg1 $6 (36. Ke3 Rxd4
(36... Re5+ 37. Kd3) 37. Rxd4 Ke6 38. Re4+ $1 Kd5 39. Rxb4 Rxa2 40. Rxb7 f5 $15
) 36... Rxd4 37. Rxd4 Ke5 38. Rxb4 Rxa2 39. Rxb7 f5 40. Re7+ $6 {>=40Rb4, 41.
f4/} Kd4 $17 41. Re6 d5 42. Rxh6 Ke3 43. Rf6 d4 44. Rxf5 d3 45. Re5+ Kxf3 46.
Rf5+ Ke3 47. Re5+ Kd4 48. Re8 d2 49. Rd8+ Ke3 50. Re8+ Kf3 0-1